Państwa z największą ilością wysp - Statystyki

Ogólne statystyki
  • Ten quiz został rozwiązany 171 razy
  • Średni wynik to 8 z 10
Statystyki odpowiedzi
Miejsce Odpowiedź % Poprawnych
2. Norwegia
89%
4. Kanada
88%
5. Stany Zjednoczone
87%
1. Szwecja
86%
6. Indonezja
85%
10. Japonia
82%
3. Finlandia
81%
9. Chiny
69%
8. Filipiny
68%
7. Australia
64%
Nie znaleziono quizów pasujących do podanych kryteriów
Rozkład punktacji
Procent ludzi z każdym wynikiem
Percentyl według liczby udzielonych odpowiedzi
Twoja historia wyników
Nie rozwiązałeś tego quizu